[Event "Nis Svetosavski op 3rd"]
[Site "Nis"]
[Date "2013.03.02"]
[Round "1"]
[White "Djokovic, Nenad"]
[Black "Djukic, Zeljko"]
[Result "0-1"]
[WhiteElo "1917"]
[BlackElo "2397"]
[PlyCount "110"]
[EventDate "2013.03.02"]
[EventType "swiss"]
[EventRounds "5"]
[EventCountry "SRB"]
[SourceTitle "CBM 153 Extra"]
[Source "ChessBase"]
[SourceDate "2013.04.22"]
[SourceVersion "1"]
[SourceVersionDate "2013.04.22"]
[SourceQuality "1"]

1. d4 Nf6 2. c4 c5 3. d5 b5 4. cxb5 a6 5. b6 d6 6. a4 Qxb6 7. Nc3 g6 8. a5 Qb4 9. Ra4 Qb7 10. e4 Bd7 11. Ra3 Qb4 12. Qc2 Bg7 13. Nf3 Nxe4 14. Rb3 Ba4 15. Rxb4 Bxc2 16. Rb6 Nxc3 17. bxc3 Bxc3+ 18. Bd2 Bxd2+ 19. Nxd2 0-0 20. Nc4 Ra7 21. Kd2 Ba4 22. Nb2 Bb5 23. Bxb5 axb5 24. Rxb5 Na6 25. Nc4 Nc7 26. Rb3 Nxd5 27. Re1 Nb4 28. Ra3 Rb8 29. Rb1 Ra6 30. Nb6 Rb7 31. h4 Kf8 32. h5 gxh5 33. Nc4 Rba7 34. Rba1 Nc6 35. Kc3 Ke8 36. Nb6 Rxa5 37. Rxa5 Rxa5 38. Rh1 Ra2 39. Rxh5 Rxf2 40. Rxh7 Kf8 41. Rh8+ Kg7 42. Rc8 Nb4 43. Kc4 Rxg2 44. Rc7 Re2 45. Nc8 Re4+ 46. Kb5 Nd5 47. Ra7 c4 48. Kc6 Re5 49. Ra4 c3 50. Rc4 c2 51. Nxe7 Nxe7+ 52. Kxd6 Re2 53. Rc7 Nf5+ 54. Kd5 Ne3+ 55. Kd4 Re1 0-1